000 00382pam a2200133a 44500
008 230405s2004 xxu||||| |||| 00| 0 eng d
041 _aENG
100 _aVOGEL ARTHUR
245 _aELEMANTARY PRACTICAL ORGANIC CHEMISTRY PART-3 QUANTITATIVE ORGANIC ANALYSIS
250 _a2
260 _aNEW YORK
_bWILEY INTERSCIENCE PUBLICATION NEW YORK
_c2004
300 _a840
906 _a3683
999 _c269122
_d269122